Leyes administrativas /
Guardado en:
| Formato: | Desconocido |
|---|---|
| Idioma: | Spanish |
| Publicado: |
Bahía Blanca :
Induvio,
2017
|
| Edición: | 6a. ed. |
| Series: | Leyes
|
| Materias: | |
| Etiquetas: |
Agregar Etiqueta
Sin Etiquetas, Sea el primero en etiquetar este registro!
|
| LEADER | 00500nac a22001695a 4500 | ||
|---|---|---|---|
| 001 | DER.der013572 | ||
| 008 | 180615s2017####|||||||||||||||||#||spa|| | ||
| 005 | 20241029102701.0 | ||
| 245 | 1 | 0 | |a Leyes administrativas / |c Argentina. |
| 250 | |a 6a. ed. | ||
| 260 | |a Bahía Blanca : |b Induvio, |c 2017 | ||
| 300 | |a 296 p. | ||
| 440 | 0 | |a Leyes | |
| 240 | 1 | 0 | |a Argentina - Leyes |
| 650 | 7 | |a DERECHO ADMINISTRATIVO | |
| 859 | |a DERECHO |b BIB. DERECHO |h 342.066 |i COD |p 008581 | ||
| 859 | |a DERECHO |b BIB. DERECHO |h 342.066 |i ARG |p 008582 |t 1 | ||
